Welcome to the Holygrace Academy Library

Please use search bar below to get started

QABAR (Record no. 9097)

MARC details
000 -LEADER
fixed length control field 00510nam a22001457a 4500
082 ## - DEWEY DECIMAL CLASSIFICATION NUMBER
Classification number 894.812.3
Item number MEE/Q
100 ## - MAIN ENTRY--AUTHOR NAME
Personal name MEERA, K R
245 ## - TITLE STATEMENT
Title QABAR
246 ## - VARYING FORM OF TITLE
Title proper/short title QABAR
Remainder of title QABAR
260 ## - PUBLICATION, DISTRIBUTION, ETC. (IMPRINT)
Place of publication THRISSUR
Name of publisher D C
Year of publication 2023
300 ## - PHYSICAL DESCRIPTION
Number of Pages 104
520 ## - SUMMARY, ETC.
Summary, etc Qabar is a novella by K.R. Meera that tells the story of Bhavana Sachidanandan, an Additional District Judge and single mother, whose life becomes entangled with a case involving the demolition of a Muslim grave (qabar)
650 ## - SUBJECT ADDED ENTRY--TOPICAL TERM
Topical Term MALAYALAM NOVEL
942 ## - ADDED ENTRY ELEMENTS (KOHA)
Koha item type Books
Holdings
Withdrawn status Lost status Collection code Home library Current library Shelving location Date acquired Source of acquisition Cost, normal purchase price Full call number Accession Number Koha item type
    MALAYALAM FICTION Main Library Main Library SHELF-16- J- MALAYALAM NOVELS,FICTIONS 18/06/2025 PURCHASED 130.00 894.812.3 MEE/Q 13809 Books